Conflicto de baja intensidad, el nuevo nombre de la contrainsurgencia /
Збережено в:
| Автор: | |
|---|---|
| Формат: | Книга |
| Мова: | Spanish |
| Опубліковано: |
Azcapotzalco, Distrito Federal, México
Universidad Autónoma Metropolitana
1987
|
| Предмети: | |
| Теги: |
Додати тег
Немає тегів, Будьте першим, хто поставить тег для цього запису!
|
MARC
| LEADER | 00000nam a22000007a 4500 | ||
|---|---|---|---|
| 003 | cru CIDCACS/IIS | ||
| 005 | 20190213062542.0 | ||
| 008 | 190123b1987 MX ||||| |||| 00| 0 spa d | ||
| 999 | |c 42106 |d 42106 | ||
| 040 | |c cru CIDCACS/IIS | ||
| 090 | |a REV0001 8(20) 1987 | ||
| 100 | |9 8273 |a Selser, Gregorio | ||
| 245 | |a Conflicto de baja intensidad, el nuevo nombre de la contrainsurgencia / |c Gregorio Selser | ||
| 260 | |a Azcapotzalco, Distrito Federal, México |b Universidad Autónoma Metropolitana |c 1987 | ||
| 300 | |a Páginas 29-50 | ||
| 650 | 0 | |2 OCDE |9 139 |a CONFLICTO ARMADO | |
| 650 | 0 | |2 OCDE |9 137 |a REVOLUCION | |
| 650 | 0 | |2 OCDE |9 8063 |a REAGAN, RONALD, 1911-2004 | |
| 650 | 0 | |2 OCDE |9 378 |a GUERRA | |
| 650 | 0 | |2 OCDE |9 845 |a TERRORISMO | |
| 650 | 0 | |9 1005 |a NARCOTRAFICO | |
| 650 | 0 | |a PAISES EN DESARROLLO |9 1642 | |
| 650 | 0 | |2 OCDE |9 1232 |a URSS | |
| 651 | 0 | |2 OCDE |9 245 |a ESTADOS UNIDOS | |
| 651 | 0 | |2 OCDE |9 1861 |a NICARAGUA | |
| 651 | 0 | |2 OCDE |9 128 |a AMERICA CENTRAL | |
| 653 | |a TRATADO INTERAMERICANO DE ASISTENCIA RECIPROCA (TIAR) | ||
| 773 | 0 | |0 18805 |9 2597 |d Azcapotzalco UAM |o 02257 |t AZCAPOTZALCO | |
| 942 | |2 ddc |c PP | ||
